Datum a čas kvízu
34
Celkem bodů
Celkový počet nahraných bodů na tomto kvízu bez doplňovacích otázek.
5.
Pořadí na kvízu
Konečné umístění týmu na tomto kvízu.
Zaznamenané odpovědi
| # | Otázka | Odpověď | Body | Výsledky |
|---|---|---|---|---|
| 1. | Jeden z ministrů české vlády m... | Oto Klempíř | 0 | |
| 2. | Americká influencerka Gwyneth... | Robertem Ficem | 1 | |
| 3. | Ve kterém městě v severozápadn... | v Manchesteru | 0 | |
| 4. | V pátek byla oznámena fúze dvo... | Paramount (Skydance), Warner Bros. (Discovery) | 1 | |
| 5. | Pokud jste si na olympiádě obl... | Ostrava | 1 | |
| 6. | Zatímco v českých atlasech ten... | Iberové | 1 | |
| 7. | Vyberte správné tvrzení týkají... | B | 0 | |
| 8. | Níže vidíte na mapě jisté auto... | Andalusie, Sevilla | 1 | |
| 9. | Jak se jmenuje portugalský mys... | C | 1 | |
| 10. | Hledáme název ikonické stavby... | Belémská věž | 1 |